000 00504nam a2200205Ia 4500
005 20260429111950.0
008 260429s9999||||xx |||||||||||||| ||und||
020 _a9780367674076
041 _aEnglish
082 _a572.86
_bBRO
100 _aBrown, T.A.
245 0 _aGenomes 5 /
_cT.A. Brown
250 _a5th ed.
260 _aBoca Raton :
_bCRC Press,
_c2023.
300 _axv, 530 p.; pbk
650 _a Biochemical genetics
650 _a Genomes
650 _aBiochemistry
942 _cTB
999 _c51657
_d51657